[Event "BEL-ch U16"]
[Site "Blankenberge"]
[Date "2015.04.13"]
[Round "2"]
[White "Meessen, Felix"]
[Black "Debouver, Torben"]
[Result "0-1"]
[WhiteElo "1068"]
[BlackElo "1388"]
[PlyCount "88"]
[EventDate "2015.04.12"]
[EventType "swiss"]
[EventRounds "9"]
[EventCountry "BEL"]
[SourceTitle "CBM 166 Extra"]
[Source "ChessBase"]
[SourceDate "2015.06.18"]
[SourceVersion "1"]
[SourceVersionDate "2015.06.18"]
[SourceQuality "1"]

1. e4 c5 2. f4 e6 3. Nf3 Nc6 4. Nc3 Nf6 5. Bb5 d5 6. exd5 exd5 7. Qe2+ Be7 8. 0-0 0-0 9. Re1 Re8 10. Bxc6 bxc6 11. Ne5 Bb7 12. d3 Nd7 13. Qg4 Nxe5 14. fxe5 d4 15. Bh6 g6 16. Ne4 Bc8 17. Qf4 Bf5 18. Rf1 Qd5 19. Ng3 Qe6 20. Rf2 Bd8 21. Raf1 Bc7 22. Nxf5 gxf5 23. Qxf5 Bxe5 24. Qxf7+ Qxf7 25. Rxf7 Bd6 26. R7f6 Rad8 27. R1f2 Re1+ 28. Rf1 Re2 29. R6f2 Re6 30. Bf4 Bxf4 31. Rxf4 Re2 32. R4f2 Rde8 33. h3 Kg7 34. Rxe2 Rxe2 35. Rf2 Re1+ 36. Kh2 Rb1 37. b3 Rb2 38. a4 Kg6 39. Kg3 Rb1 40. Kg4 Re1 41. Kf3 Kg5 42. Re2 Rf1+ 43. Ke4 Rf7 44. Ke5 Re7+ 0-1

[Event "BEL-ch U16"]
[Site "Blankenberge"]
[Date "2015.04.12"]
[Round "1"]
[White "Debouver, Torben"]
[Black "Ingelaere, Arthur"]
[Result "0-1"]
[WhiteElo "1388"]
[BlackElo "1706"]
[PlyCount "64"]
[EventDate "2015.04.12"]
[EventType "swiss"]
[EventRounds "9"]
[EventCountry "BEL"]
[SourceTitle "CBM 166 Extra"]
[Source "ChessBase"]
[SourceDate "2015.06.18"]
[SourceVersion "1"]
[SourceVersionDate "2015.06.18"]
[SourceQuality "1"]

1. d4 Nf6 2. Bf4 d6 3. e3 g6 4. Bd3 Bg7 5. Nf3 0-0 6. c3 Nbd7 7. Nbd2 c5 8. 0-0 Nh5 9. Bg3 Nxg3 10. fxg3 f5 11. Qc2 e5 12. e4 Nb6 13. d5 Bd7 14. Nh4 f4 15. Rae1 fxg3 16. Rxf8+ Bxf8 17. hxg3 Qg5 18. Nf1 Bh6 19. Re3 Bg4 20. Be2 Rf8 21. Bxg4 Rxf1+ 22. Kxf1 Qxe3 23. Be6+ Kg7 24. Qf2 Qd3+ 25. Qe2 Qxg3 26. Qf3 Qxf3+ 27. Nxf3 Nc4 28. b3 Ne3+ 29. Kg1 Nd1 30. c4 Nc3 31. g4 Bf4 32. Bc8 b6 0-1

[Event "BEL-ch U16"]
[Site "Blankenberge"]
[Date "2014.04.17"]
[Round "7"]
[White "Debouver, Torben"]
[Black "Cnudde, Matthias"]
[Result "0-1"]
[WhiteElo "1225"]
[BlackElo "1488"]
[PlyCount "94"]
[EventDate "2014.04.??"]
[EventType "swiss"]
[EventRounds "9"]
[EventCountry "BEL"]
[SourceTitle "EXT 2015"]
[Source "ChessBase"]
[SourceDate "2014.11.20"]
[SourceVersion "1"]
[SourceVersionDate "2014.11.20"]
[SourceQuality "1"]

1. d4 Nf6 2. Bf4 b6 3. e3 Bb7 4. c3 e6 5. Nf3 Be7 6. Bd3 0-0 7. Nbd2 h6 8. Qc2 c5 9. h3 Nc6 10. g4 Nd5 11. h4 Nxf4 12. exf4 cxd4 13. g5 h5 14. Rg1 dxc3 15. bxc3 Rc8 16. Bh7+ Kh8 17. g6 f6 18. Ne4 Nb4 19. Qe2 Bxe4 20. cxb4 Bxb4+ 21. Nd2 Bxd2+ 22. Kf1 Bxf4 23. Qxe4 Bh6 24. Qe2 Rc5 25. Rg3 Qc7 26. Rd3 Re5 27. Qf3 d5 28. Rad1 Qc4 29. Kg2 Rc8 30. Ra3 a5 31. Rb1 Qc6 32. Rbb3 d4 33. Qxc6 Rxc6 34. Rd3 Rd5 35. Rab3 e5 36. f3 Bf4 37. a3 Rdc5 38. Rb2 Rc2+ 39. Rxc2 Rxc2+ 40. Kf1 Rc3 41. Rd1 Rxf3+ 42. Ke2 Rc3 43. Rb1 Rc6 44. Rb5 Rd6 45. Kd3 f5 46. Ke2 d3+ 47. Kd1 Rc6 0-1

[Event "BEL-ch U16"]
[Site "Blankenberge"]
[Date "2014.04.15"]
[Round "4"]
[White "Debouver, Torben"]
[Black "Barsegjan, Anusavan"]
[Result "0-1"]
[WhiteElo "1225"]
[BlackElo "1463"]
[PlyCount "74"]
[EventDate "2014.04.??"]
[EventType "swiss"]
[EventRounds "9"]
[EventCountry "BEL"]
[SourceTitle "EXT 2015"]
[Source "ChessBase"]
[SourceDate "2014.11.20"]
[SourceVersion "1"]
[SourceVersionDate "2014.11.20"]
[SourceQuality "1"]

1. d4 Nf6 2. Bf4 d5 3. e3 Bf5 4. c3 Nbd7 5. Nf3 e6 6. Nbd2 Bd6 7. Bg3 0-0 8. Nh4 Bg4 9. f3 Bh5 10. Bf4 Bxf4 11. exf4 Ne4 12. Nxe4 dxe4 13. g3 Nb6 14. Qe2 exf3 15. Nxf3 Nd5 16. Bg2 c6 17. h3 Qb6 18. g4 Nxf4 19. Qd2 Nxg2+ 20. Qxg2 Bg6 21. Ne5 Rfd8 22. 0-0 f6 23. Nxg6 hxg6 24. Rab1 e5 25. g5 f5 26. Qe2 exd4 27. Qe6+ Kh7 28. Rf4 dxc3+ 29. Kh1 Rd4 30. Rxd4 Qxd4 31. bxc3 Qxc3 32. Rb3 Qa1+ 33. Kg2 Qxa2+ 34. Kf3 a5 35. h4 a4 36. Kf4 Qxb3 37. h5 Qxe6 0-1

[Event "BEL-ch U16"]
[Site "Blankenberge"]
[Date "2014.04.14"]
[Round "3"]
[White "Debouver, Torben"]
[Black "Bratuszewski, Jorden"]
[Result "0-1"]
[WhiteElo "1225"]
[BlackElo "1628"]
[PlyCount "54"]
[EventDate "2014.04.??"]
[EventType "swiss"]
[EventRounds "9"]
[EventCountry "BEL"]
[SourceTitle "EXT 2015"]
[Source "ChessBase"]
[SourceDate "2014.11.20"]
[SourceVersion "1"]
[SourceVersionDate "2014.11.20"]
[SourceQuality "1"]

1. d4 Nf6 2. Bf4 b6 3. e3 Bb7 4. c3 e6 5. Nf3 Be7 6. Bd3 0-0 7. Nbd2 d5 8. Qc2 h6 9. h4 Nbd7 10. 0-0-0 c5 11. b3 cxd4 12. exd4 Rc8 13. Rdg1 Bb4 14. c4 dxc4 15. bxc4 Nd5 16. Be5 Nxe5 17. Nxe5 Nf4 18. Nef3 Nxd3+ 19. Qxd3 Qc7 20. g4 Bxd2+ 21. Kxd2 Qxc4 22. Rh3 Qxa2+ 23. Ke3 Ba6 24. Qd2 Rc2 25. Qd1 f5 26. gxf5 Rxf5 27. Rhg3 Re2+ 0-1